LEADER 01034nam0-22003491i-450 001 990002553790403321 005 20191017165213.0 035 $a000255379 035 $aFED01000255379 035 $a(Aleph)000255379FED01 035 $a000255379 100 $a20030910d1973----km-y0itay50------ba 101 0 $aeng 200 1 $aBayesian Inference in Statistical Analysis$fGeorge E. Box , George C. Tiao. 210 $aReading, Mass.$cAddison-Wesley$d1973. 215 $axvii, 588 p.$d25 cm 225 1 $aAddison-Wesley series in behavioral science. Quantitative methods 610 0 $aStatistica 610 0 $aRegressione e correlazione 610 0 $aInferenza 676 $a519 700 1$aBox,$bGeorge E. P.$030397 702 1$aTiao,$bGeorge C. 801 0$aIT$bUNINA$gRICA$2UNIMARC 901 $aBK 912 $a990002553790403321 952 $aMXXIV-A-15$b2178$fMAS 952 $aA / BOX 2$b2403$fBFS 959 $aMAS 959 $aBFS 996 $aBayesian inference in statistical analysis$9416106 997 $aUNINA LEADER 02343nam 2200421 450 001 9910494623503321 005 20191205144626.0 010 $a1-78330-425-1 035 $a(CKB)4100000009743020 035 $a(UkCbUP)CR9781783304257 035 $a(MiAaPQ)EBC6031674 035 $a(EXLCZ)994100000009743020 100 $a20200314d2019 uy 0 101 0 $aeng 135 $aur||||||||||| 181 $ctxt$2rdacontent 182 $cc$2rdamedia 183 $acr$2rdacarrier 200 10$aCopyright $einterpreting the law for libraries, archives and information services /$fGraham P. Cornish 205 $aRevised sixth edition. 210 1$aLondon :$cFacet Publishing,$d[2019] 210 4$dİ2019 215 $a1 online resource (xviii, 201 pages) $cdigital, PDF file(s) 300 $aIncludes index. 311 $a1-78330-423-5 330 $aCopyright' is the standard work in its field and is indispensable for all librarians and information professionals and who are looking for solutions to their copyright problems. The book explains the provisions of the UK Copyright Act and supporting legislation in quick and easy question-and-answer form. This revised edition is fully updated to take into account of all the changes that have come into force since the 6th edition was published in 2015. All types of material that may attract copyright are considered, including: literary, dramatic and musical works artistic works sound recordings films and video broadcast databases computer programs and websites. The text is amplified by the use of practical examples to illustrate complex points and complemented by a detailed index that enables the enquirer to pinpoint topics and proposed action quickly and accurately. The appendices provide helpful lists of addresses and selected further sources of information. This book will be invaluable for all librarians, information professionals and students who are looking for solutions to their copyright problems. 606 $aCopyright$zGreat Britain$vMiscellanea 608 $aElectronic books. 615 0$aCopyright 676 $a346.410482 700 $aCornish$b G. P.$01029474 801 0$bMiAaPQ 801 1$bMiAaPQ 801 2$bMiAaPQ 906 $aBOOK 912 $a9910494623503321 996 $aCopyright$92445925 997 $aUNINA LEADER 01426nam 2200373 n 450 001 996393156403316 005 20221108004119.0 035 $a(CKB)4940000000112717 035 $a(EEBO)2240947578 035 $a(UnM)99872730 035 $a(EXLCZ)994940000000112717 100 $a19860130d1653 uy | 101 0 $aeng 135 $aurbn||||a|bb| 200 14$aThe two great mysteries of Christian religion$b[electronic resource] $ethe [brace] ineffable Trinity, vvonderful incarnation, [brace] explicated, to the satisfaction of mans own naturall reason, and according to the grounds of philosophy. /$fBy G: G: G 210 $aLondon, $cPrinted by J. Flesher.$d1653 215 $a[18], 109, [3] p 300 $a"The epistle dedicatory" signed: Godfree Goodman. 300 $aAnnotation on Thomason copy: "odf:oodman" above the first 2 initials 'G: G:' and "loster" after the last 'G'; "June 25". 300 $aReproduction of the original in the British Library. 330 $aeebo-0018 606 $aIncarnation$vEarly works to 1800 606 $aTrinity$vEarly works to 1800 615 0$aIncarnation 615 0$aTrinity 700 $aGoodman$b Godfrey$f1583-1656.$01003090 801 0$bCu-RivES 801 1$bCu-RivES 801 2$bCStRLIN 801 2$bWaOLN 906 $aBOOK 912 $a996393156403316 996 $aThe two great mysteries of Christian religion$92380962 997 $aUNISA